| 000 | 00000nam 2200000zi 4500 |
| 001 | 9.895070 |
| 003 | CaOODSP |
| 005 | 20221107173925 |
| 006 | m o d f |
| 007 | cr cn||||||||| |
| 008 | 210106t20202020oncbd ob f000 0 fre d |
| 040 | |aCaOODSP|bfre|erda|cCaOODSP |
| 043 | |an-cn-nf |
| 086 | 1 |aFs70-5/2020-057F-PDF |
| 100 | 1 |aStenson, Garry B. |q(Garry Bruce), |d1954- |eauteur. |
| 245 | 10|aEstimations actualisées des taux de reproduction des phoques du Groenland dans l’Atlantique nord-ouest et influence de l’état corporel / |cG.B. Stenson, A.D. Buren et G.L. Sheppard. |
| 264 | 1|aOttawa (Ontario) : |bSecrétariat canadien de consultation scientifique (SCCS), |c2020. |
| 264 | 4|c©2020 |
| 300 | |a1 ressource en ligne (iv, 22 pages) : |bcarte, graphiques en couleur. |
| 336 | |atexte|btxt|2rdacontent/fre |
| 337 | |ainformatique|bc|2rdamedia/fre |
| 338 | |aressource en ligne|bcr|2rdacarrier/fre |
| 490 | 1 |aDocument de recherche, |x2292-4272 ; |v2020/057 |
| 500 | |aPublié aussi en anglais sous le titre : Updated estimates of reproductive rates in northwest Atlantic harp seals and the influence of body condition. |
| 500 | |a« Région de Terre Neuve et Labrador. » |
| 500 | |a« Décembre 2020. » |
| 504 | |aComprend des références bibliographiques (pages 8-10). |
| 650 | 6|aPhoque du Groenland|zTerre-Neuve-et-Labrador. |
| 650 | 6|aPhoques|xPopulations|xEstimation|zTerre-Neuve-et-Labrador. |
| 710 | 2 |aSecrétariat canadien de consultation scientifique, |eorganisme de publication. |
| 710 | 1 |aCanada. |bMinistère des pêches et des océans. |bRégion de Terre-Neuve et du Labrador, |eorganisme de publication. |
| 775 | 08|tUpdated estimates of reproductive rates in northwest Atlantic harp seals and the influence of body condition / |w(CaOODSP)9.895067 |
| 830 | #0|aDocument de recherche (Secrétariat canadien de consultation scientifique)|v2020/057.|w(CaOODSP)9.503788 |
| 856 | 40|qPDF|s1006 Ko|uhttps://publications.gc.ca/collections/collection_2021/mpo-dfo/fs70-5/Fs70-5-2020-057-fra.pdf |